NLSUI OPAC header image

Privacy as property / (Record no. 218004)

MARC details
000 -LEADER
fixed length control field 02844cam a2200493 i 4500
001 - CONTROL NUMBER
control field in00024369509
005 - DATE AND TIME OF LATEST TRANSACTION
control field 20260619163955.0
008 - FIXED-LENGTH DATA ELEMENTS--GENERAL INFORMATION
fixed length control field 251011t20262026enka b 001 0 eng d
010 ## - LIBRARY OF CONGRESS CONTROL NUMBER
LC control number 2025951264
020 ## - INTERNATIONAL STANDARD BOOK NUMBER
International Standard Book Number 9781509987382
Qualifying information (hardback)
035 ## - SYSTEM CONTROL NUMBER
System control number (OCoLC)1544848157
040 ## - CATALOGING SOURCE
Original cataloging agency YDX
Language of cataloging eng
Description conventions rda
Transcribing agency YDX
Modifying agency BDX
-- YDX
-- OCLCO
-- GWL
-- OCLCO
-- GUL
-- DLC
042 ## - AUTHENTICATION CODE
Authentication code lccopycat
043 ## - GEOGRAPHIC AREA CODE
Geographic area code e-uk---
082 04 - DEWEY DECIMAL CLASSIFICATION NUMBER
Classification number 342.410858 SMI
Edition number 23/eng/20260204
100 1# - MAIN ENTRY--PERSONAL NAME
Personal name Smith, Marcus
245 10 - TITLE STATEMENT
Title Privacy as property /
Statement of responsibility, etc. Marcus Smith.
263 ## - PROJECTED PUBLICATION DATE
Projected publication date 2602
264 #1 - PRODUCTION, PUBLICATION, DISTRIBUTION, MANUFACTURE, AND COPYRIGHT NOTICE
Place of production, publication, distribution, manufacture Oxford, UK ;
Name of producer, publisher, distributor, manufacturer Hart Publishing,
Date of production, publication, distribution, manufacture, or copyright notice 2026.
264 #4 - PRODUCTION, PUBLICATION, DISTRIBUTION, MANUFACTURE, AND COPYRIGHT NOTICE
Date of production, publication, distribution, manufacture, or copyright notice ©2026
300 ## - PHYSICAL DESCRIPTION
Extent xxxviii, 457 pages :
Other physical details illustration ;
Dimensions 25 cm
365 ## - TRADE PRICE
Price amount Rs. 12398.00
504 ## - BIBLIOGRAPHY, ETC. NOTE
Bibliography, etc. note Includes bibliographical references and index.
505 0# - Contents
Contents The new cause of action of misuse of private information -- The nature of information -- Underpinnings and rationale -- Economic justification for a proprietary regime -- Private information -- Misuse: non-state actors -- Misuse: state actors -- Undertakings, mass data collection and the protection of privacy -- Vindication -- Exploitation of private information -- Brave new world?
520 ## - SUMMARY, ETC.
Summary, etc. "This innovative work offers a new perspective on the established tort of misuse of private information, contending that English law has evolved a sophisticated mechanism for the protection of privacy and the protection of the economic value in private information. Although information generally is not property, private information now appears to be treated by English law as a form of property, giving the owner of the information rights of exclusion, exploitation and transfer. Balancing philosophical discussion of the fundamentals with a detailed analysis of the practical difficulties of 'propertising' information, the books suggests that English law has evolved a powerful tool for the protection of privacy in this data-driven world" -- From the publisher's website.
650 #0 - SUBJECT ADDED ENTRY--TOPICAL TERM
Topical term or geographic name entry element Privacy, Right of
Geographic subdivision Great Britain.
650 #0 - SUBJECT ADDED ENTRY--TOPICAL TERM
Topical term or geographic name entry element Data protection
General subdivision Law and legislation
Geographic subdivision Great Britain.
650 #0 - SUBJECT ADDED ENTRY--TOPICAL TERM
Topical term or geographic name entry element Torts
Geographic subdivision Great Britain.
650 #0 - SUBJECT ADDED ENTRY--TOPICAL TERM
Topical term or geographic name entry element Property
Geographic subdivision Great Britain.
650 #0 - SUBJECT ADDED ENTRY--TOPICAL TERM
Topical term or geographic name entry element Torts
Geographic subdivision England.
650 #6 - SUBJECT ADDED ENTRY--TOPICAL TERM
Topical term or geographic name entry element Responsabilité civile
Geographic subdivision Angleterre.
650 #6 - SUBJECT ADDED ENTRY--TOPICAL TERM
Topical term or geographic name entry element Responsabilité civile
Geographic subdivision Grande-Bretagne.
650 #7 - SUBJECT ADDED ENTRY--TOPICAL TERM
Topical term or geographic name entry element Data protection
General subdivision Law and legislation
Source of heading or term fast
650 #7 - SUBJECT ADDED ENTRY--TOPICAL TERM
Topical term or geographic name entry element Privacy, Right of
Source of heading or term fast
650 #7 - SUBJECT ADDED ENTRY--TOPICAL TERM
Topical term or geographic name entry element Property
Source of heading or term fast
650 #7 - SUBJECT ADDED ENTRY--TOPICAL TERM
Topical term or geographic name entry element Torts
Source of heading or term fast
651 #7 - SUBJECT ADDED ENTRY--GEOGRAPHIC NAME
Geographic name Great Britain
Source of heading or term fast
Real World Object URI https://id.oclc.org/worldcat/entity/E39PBJdmp7p3cx8hpmJ8HvmTpP
655 #7 - INDEX TERM--GENRE/FORM
Genre/form data or focus term Casebooks (Law)
Source of term fast
655 #7 - INDEX TERM--GENRE/FORM
Genre/form data or focus term Casebooks (Law)
Source of term lcgft
655 #7 - INDEX TERM--GENRE/FORM
Genre/form data or focus term Recueils de cas.
Source of term rvmgf
906 ## - LOCAL DATA ELEMENT F, LDF (RLIN)
a 0
b ibc
c orignew
d 2
e epcn
f 20
g y-gencatlg
942 ## - ADDED ENTRY ELEMENTS (KOHA)
Source of classification or shelving scheme Dewey Decimal Classification
Koha item type BOOKs
Holdings
Withdrawn status Lost status Source of classification or shelving scheme Materials specified (bound volume or other part) Damaged status Not for loan Home library Current library Shelving location Date acquired Source of acquisition Total Checkouts Full call number Barcode Date last seen Price effective from Koha item type Public note
    Dewey Decimal Classification HB   Not For Loan NLS NLS New Arrival - Display Area 19/06/2026 Purchased - Satyam Books   342.410858 SMI 40879 19/06/2026 19/06/2026 BOOKs Recommended by Prof. Dr. Arul George Scaria & Dr. Betsy Rajasingh